Statistics for 6-Letter Geography Chain #1

Click here to take the quiz!

General Stats

  • This quiz has been taken 36,931 times
  • The average score is 17 of 28

Answer Stats

HintAnswer% Correct
One of the continentsAfrica
90%
Northernmost oceanArctic
87%
Country between Estonia and LithuaniaLatvia
86%
Tel Aviv is its largest cityIsrael
84%
Capital of ColombiaBogota
84%
Residential area outside the city centerSuburb
83%
Where Oktoberfest startedMunich
80%
Country in Asia or maybe EuropeCyprus
75%
Largest island in the MediterraneanSicily
73%
Former spelling of BeijingPeking
70%
African-American neighborhood of ManhattanHarlem
69%
Rue, Straße, CalleStreet
69%
Capricorn or CancerTropic
68%
Capital of Saudi ArabiaRiyadh
67%
Country that borders Lake VictoriaUganda
63%
Closest French city to EnglandCalais
60%
Portuguese island chain in the AtlanticAzores
57%
Japan's most populous islandHonshu
56%
Important seafood on the Gulf of MexicoShrimp
54%
Polish city once called DanzigGdansk
48%
Term for a mass emigration of peopleExodus
47%
City called "The Big D"Dallas
47%
Native American tribe of the Southwest U.S.Apache
44%
Most populous island in French PolynesiaTahiti
44%
Turin religious artifactShroud
42%
The northern part of IrelandUlster
35%
Food commonly found in Turkey and GreeceYogurt
35%
Southernmost of Japan's main islandsKyushu
25%

Score Distribution

Percentile by Number Answered

Percent of People with Each Score

Your Score History

You have not taken this quiz